• 首页
  • 本馆介绍
  • 公告通知
  • 最新文献
  • 馆藏检索
  • 电子资源
  • 读者导购
  • 参考咨询
  • 我的图书馆
  • 登录
  • 详细信息显示
  • 放入我的书架
  • 预约/预借图书
  • 作者相关作品
  • 分类相关作品
  • 丛书相关作品
  • 出版社相关作品

书目信息

  • 表格格式
  • 工作单格式
  • 卡片格式
题名:
行书弟子规
    
 
作者: 梁文宇
分册:  
出版信息: 成都   四川美术出版社  2016.01
页数: 54页
开本: 20cm
丛书名:
单 册:
中图分类: J292.113.5
科图分类:
主题词: 书法--中国 , 篆刻--中国
电子资源:
ISBN: 7-5410-6571-4
000 00602nam0 2200217 450
001 3413
005 20161208110647.73
010    @a7-5410-6571-4@dCNY30.00
100    @a20150812d2016 km y0chiy0120 ea
101 0  @achi
102    @aCN@b510000
200 1  @a行书弟子规@Axing shu di zi gui@f梁文宇@Fliang wen yu
210    @a成都@c四川美术出版社@d2016.01
215    @a54页@d20cm
330    @a行书·书法
606 0  @a书法@x中国
606 0  @a篆刻@x中国
690    @aJ292.113.5@v4
701  0 @a梁文宇@Aliang wen yu
801  0 @aCN@b大连网信软件有限公司图书馆·11@c20161208
905    @aZUCC@dJ292.113.5@e564
    
    行书弟子规/梁文宇.-成都:四川美术出版社,2016.01
    54页;20cm
    
    
    ISBN 7-5410-6571-4:CNY30.00
    行书·书法
●
相关链接 在E读中查询图书 在五车中查询图书 在当当中查询图书 在豆瓣中查询图书


正题名:行书弟子规     索取号:J292.113.5/564         预约/预借

序号 登录号 条形码 馆藏地/架位号 状态 备注
1 911889   209118890   第一样本阅览室/ [索取号:J292.113.5/564] 在馆    
2 911890   209118907   第一借阅区/ [索取号:J292.113.5/564] 在馆    
3 911891   209118916   第一借阅区/ [索取号:J292.113.5/564] 在馆    
4 911892   209118925   第一借阅区/ [索取号:J292.113.5/564] 在馆    
5 911893   209118934   第一借阅区/ [索取号:J292.113.5/564] 在馆    
唐山师范学院图书馆 欢迎您!
大连网信软件有限公司© 版权所有